Eindhoven Airport Destinations (Eindhoven, Netherlands) - Map - Statistics

General Stats
  • This quiz has been taken 30 times
  • The average score is 48 of 58
Answers on the Map
Answers color-coded by a green-red scale on the quiz's map according to % correct below.
 
Answer Stats
Destination % Correct
Manchester
100%
Prague
100%
Warsaw (Chopin)
100%
Warsaw (Modlin)
100%
Barcelona
96%
Bucharest (Otopeni)
96%
Budapest
96%
Lisbon
96%
Madrid
96%
Rome (Fiumicino)
96%
Sofia
96%
Vienna
96%
Gdańsk
92%
Istanbul (Sabiha Gökçen)
92%
Kraków
92%
Marseille
92%
Oslo
92%
Palma de Mallorca
92%
Pisa
92%
Porto
92%
Seville
92%
Valencia
92%
Vilnius
92%
Zagreb
92%
Belgrade
88%
Bordeaux
88%
Izmir
88%
Málaga
88%
Tirana
88%
Antalya
84%
Faro
84%
Innsbruck
84%
Katowice
84%
Rhodes
84%
Sal
84%
Salzburg
84%
Skopje
84%
Bergamo
80%
Bologna
80%
Bratislava
80%
Wrocław
80%
Catania
76%
Cluj-Napoca
76%
Fès
76%
Gran Canaria
76%
Heraklion
76%
Kos
76%
Tenerife (South)
76%
Varna
76%
Marrakesh
64%
Sharm El Sheikh
64%
Brindisi
60%
Hurghada
60%
Debrecen
56%
Iași
52%
Oujda
44%
Treviso
44%
Nador
40%
No matching quizzes found
Score Distribution
Percent of People with Each Score
Percentile by Number Answered
Your Score History
You have not taken this quiz